Una mirada al mapa : El tren de las nubes /
Filmación de un viaje del tren que atraviesa Socompa. Historia de su creación. Viaductos y túneles.
Guardado en:
| Autor Principal: | |
|---|---|
| Formato: | |
| Series: | Historias de la Argentina secreta
|
| Materias: | |
| Etiquetas: |
Agregar Etiqueta
Sin Etiquetas, Sea el primero en etiquetar este registro!
|
| LEADER | 01071ngm a22003255g 4500 | ||
|---|---|---|---|
| 001 | CEM.cems021936 | ||
| 008 | 130507b1992##################0###0#####d | ||
| 005 | 20240920145502.0 | ||
| 245 | 1 | 0 | |a Una mirada al mapa : |b El tren de las nubes / |c O. Borroni, Vacca R. |
| 300 | |a 15'. | ||
| 490 | 0 | |a Historias de la Argentina secreta | |
| 500 | |a En soporte VHS, consultar en ventanilla. | ||
| 520 | |a Filmación de un viaje del tren que atraviesa Socompa. Historia de su creación. Viaductos y túneles. | ||
| 538 | |a Soporte: VHS - Norma: Pal N - Color - Grabación DRD 1992 - Hitachi=2622 | ||
| 100 | 1 | |a Borroni, O.; Vacca, R. | |
| 082 | 3 | 0 | |/ ARA |
| 653 | |a GEOGRAFIA | ||
| 653 | |a ARGENTINA | ||
| 653 | |a HISTORIA | ||
| 653 | |a ARGENTINA-GEOGRAFIA | ||
| 653 | |a SOCOMPA | ||
| 653 | |a TURISMO | ||
| 653 | |a ARGENTINA-HISTORIA | ||
| 653 | |a TREN A LAS NUBES | ||
| 653 | |a PAISAJES | ||
| 653 | |a VIADUCTOS | ||
| 653 | |a TUNELES | ||
| 653 | |a NIVEL PRIMARIO | ||
| 653 | |a NIVEL SECUNDARIO | ||
| 859 | |a CEMS |b BIB. CEMS - Depto. Recursos Didacticos |h 301 |i ARA |k DRD |p 579.12 |t Ej.1 | ||
